[Event "Joao Pessoa Fischer Memorial 9th"]
[Site "Joao Pessoa"]
[Date "2018.03.18"]
[Round "6"]
[White "Pinheiro, Emanuel Eliez Jr"]
[Black "De Lima, Enzo Magalhaes"]
[Result "1-0"]
[WhiteElo "1881"]
[BlackElo "1475"]
[PlyCount "62"]
[EventDate "2018.03.16"]
[EventType "swiss"]
[EventRounds "6"]
[EventCountry "BRA"]
[SourceTitle "CBM 183 Extra"]
[Source "ChessBase"]
[SourceDate "2018.04.19"]
[SourceVersion "1"]
[SourceVersionDate "2018.04.19"]
[SourceQuality "1"]

1. c4 e6 2. Nc3 d5 3. cxd5 exd5 4. d4 c6 5. Bf4 Nf6 6. Nf3 Be7 7. h3 0-0 8. e3 Bf5 9. Bd3 Bxd3 10. Qxd3 Qb6 11. 0-0 Nbd7 12. Rfc1 Rfe8 13. a3 Bf8 14. b4 g6 15. b5 c5 16. Na4 Qa5 17. Nxc5 Nxc5 18. dxc5 Rac8 19. c6 bxc6 20. Rxc6 Rxc6 21. bxc6 Qc5 22. Nd4 Rc8 23. Qa6 Re8 24. a4 Bg7 25. Rb1 Ne4 26. c7 Bxd4 27. exd4 Qc2 28. Rf1 Qc3 29. Rc1 Qb2 30. Be3 Nxf2 31. c8Q Rxc8 1-0

[Event "Joao Pessoa Fischer Memorial 9th"]
[Site "Joao Pessoa"]
[Date "2018.03.16"]
[Round "1"]
[White "Da Silva Franca, Aurea Stela"]
[Black "Pinheiro, Emanuel Eliez Jr"]
[Result "0-1"]
[WhiteElo "1669"]
[BlackElo "1881"]
[PlyCount "56"]
[EventDate "2018.03.16"]
[EventType "swiss"]
[EventRounds "6"]
[EventCountry "BRA"]
[SourceTitle "CBM 183 Extra"]
[Source "ChessBase"]
[SourceDate "2018.04.19"]
[SourceVersion "1"]
[SourceVersionDate "2018.04.19"]
[SourceQuality "1"]

1. e4 c5 2. d3 g6 3. b3 Bg7 4. c3 d5 5. Nf3 dxe4 6. Ng5 exd3 7. Bxd3 Nf6 8. 0-0 0-0 9. a3 Nc6 10. b4 cxb4 11. axb4 Qc7 12. Re1 Ng4 13. g3 Nxb4 14. Ra4 Nxd3 15. Qxd3 Bf5 16. Bf4 e5 17. Qc4 Qxc4 18. Rxc4 exf4 19. Nd2 fxg3 20. fxg3 Rac8 21. Rb4 Bxc3 22. Rxb7 Bxd2 23. Ree7 Bxg5 24. Rxf7 Rxf7 25. Rxf7 Kxf7 26. Kg2 Be4+ 27. Kf1 Bf3 28. h3 Rc1# 0-1

[Event "Joao Pessoa Fischer Memorial 9th"]
[Site "Joao Pessoa"]
[Date "2018.03.16"]
[Round "2"]
[White "Pinheiro, Emanuel Eliez Jr"]
[Black "Da Silva Tomaz, Luiz Antonio"]
[Result "1/2-1/2"]
[WhiteElo "1881"]
[BlackElo "2097"]
[PlyCount "135"]
[EventDate "2018.03.16"]
[EventType "swiss"]
[EventRounds "6"]
[EventCountry "BRA"]
[SourceTitle "CBM 183 Extra"]
[Source "ChessBase"]
[SourceDate "2018.04.19"]
[SourceVersion "1"]
[SourceVersionDate "2018.04.19"]
[SourceQuality "1"]

1. c4 e5 2. d3 Nf6 3. Nf3 Nc6 4. g3 d5 5. cxd5 Nxd5 6. Bg2 Be7 7. 0-0 0-0 8. Bd2 Be6 9. Nc3 Qd7 10. Re1 f6 11. a3 a5 12. Rc1 Rfd8 13. Ne4 a4 14. Nc5 Bxc5 15. Rxc5 b6 16. Rc2 Na5 17. Bxa5 Rxa5 18. Qc1 c5 19. Nd2 Ne7 20. Nc4 Ra6 21. Ne3 Nc6 22. Rc3 Nd4 23. Qb1 f5 24. Nc4 Qc7 25. Rcc1 Nb5 26. e3 Na7 27. Qc2 b5 28. Nd2 Rc8 29. Qc3 Bf7 30. Nf3 Re6 31. Ng5 Ree8 32. Nxf7 Qxf7 33. Rc2 c4 34. dxc4 Rxc4 35. Qd2 Rxc2 36. Qxc2 e4 37. Rd1 Rc8 38. Qd2 Nc6 39. Qd5 b4 40. Bf1 bxa3 41. bxa3 Qxd5 42. Rxd5 g6 43. Bb5 Kf8 44. Rc5 Ne7 45. Rxc8+ Nxc8 46. Bxa4 Ke7 47. Bb3 Kd6 48. Kf1 Kc5 49. Ke2 Nd6 50. Kd2 Ne8 51. Bg8 Nf6 52. Bb3 Ng4 53. Ke2 Nxh2 54. Bg8 Ng4 55. Bxh7 Ne5 56. Bg8 Kb5 57. Bb3 Nd3 58. Bf7 Ne5 59. Be8+ Kc4 60. a4 Kb4 61. Bb5 Ka5 62. Kf1 Kb4 63. Be8 Ka5 64. Ke2 Kb4 65. Kd2 Nc4+ 66. Ke2 Ne5 67. Ke1 Nd3+ 68. Ke2 1/2-1/2

[Event "Natal Potiguar-ch sf"]
[Site "Natal"]
[Date "2017.09.10"]
[Round "5"]
[White "De Menezes, Ricardo Fagner Dias"]
[Black "Pinheiro, Emanuel Eliez Jr"]
[Result "0-1"]
[WhiteElo "1621"]
[BlackElo "1887"]
[PlyCount "60"]
[EventDate "2017.09.08"]
[EventType "swiss"]
[EventRounds "6"]
[EventCountry "BRA"]
[SourceTitle "EXT 2018"]
[Source "ChessBase"]
[SourceDate "2017.10.13"]
[SourceVersion "1"]
[SourceVersionDate "2017.10.13"]
[SourceQuality "1"]

1. Nf3 Nf6 2. g3 Nc6 3. Bg2 e5 4. d3 Bc5 5. c3 Bb6 6. Nbd2 d5 7. Qc2 Ng4 8. 0-0 f5 9. h3 Nf6 10. b4 e4 11. dxe4 fxe4 12. Nh2 0-0 13. e3 Be6 14. Nb3 Ne5 15. Nd4 Bxd4 16. cxd4 Nd3 17. Rb1 Qd7 18. h4 Rf7 19. f4 Nh5 20. Rf3 exf3 21. Nxf3 Bf5 22. Rb3 Ne1 23. Qf2 Nxf3+ 24. Qxf3 Nf6 25. Qf1 Ne4 26. Kh2 Rf6 27. Bxe4 Bxe4 28. Qg1 Qg4 29. a4 Rh6 30. Qf2 Qd1 0-1

[Event "Natal Potiguar-ch sf"]
[Site "Natal"]
[Date "2017.09.08"]
[Round "2"]
[White "Pinheiro, Emanuel Eliez Jr"]
[Black "Borges, Bruna da Silva"]
[Result "1-0"]
[WhiteElo "1887"]
[BlackElo "1404"]
[PlyCount "61"]
[EventDate "2017.09.08"]
[EventType "swiss"]
[EventRounds "6"]
[EventCountry "BRA"]
[SourceTitle "CBM 180 Extra"]
[Source "ChessBase"]
[SourceDate "2017.10.06"]
[SourceVersion "1"]
[SourceVersionDate "2017.10.06"]
[SourceQuality "1"]

1. c4 e6 2. d4 d5 3. e3 Nf6 4. Nc3 c5 5. Nf3 Nc6 6. Be2 dxc4 7. Bxc4 cxd4 8. exd4 Bd6 9. 0-0 0-0 10. Bg5 Re8 11. Re1 Qd7 12. Bxf6 gxf6 13. Bb5 a6 14. Ba4 b5 15. Bc2 Bb7 16. Qd3 Kf8 17. Qxh7 Ke7 18. Nd5+ Kd8 19. Nxf6 Qe7 20. Nxe8 Qxe8 21. d5 Nb4 22. Bb3 Nxd5 23. Rad1 Bb4 24. Bxd5 Bxd5 25. Rxd5+ exd5 26. Rxe8+ Kxe8 27. Ne5 Ra7 28. h3 d4 29. Nc6 Rd7 30. Nxb4 d3 31. Nxd3 1-0

[Event "Joao Pessoa Fischer Memorial 8th"]
[Site "Joao Pessoa"]
[Date "2017.03.19"]
[Round "5"]
[White "Araujo Brandao, Estevao Alisson"]
[Black "Pinheiro, Emanuel Eliez Jr"]
[Result "0-1"]
[WhiteElo "1658"]
[BlackElo "1903"]
[PlyCount "78"]
[EventDate "2017.03.17"]
[EventType "swiss"]
[EventRounds "6"]
[EventCountry "BRA"]
[SourceTitle "CBM 177 Extra"]
[Source "ChessBase"]
[SourceDate "2017.04.27"]
[SourceVersion "1"]
[SourceVersionDate "2017.04.27"]
[SourceQuality "1"]

1. d4 d5 2. c4 c5 3. dxc5 Qa5+ 4. Nc3 dxc4 5. Qa4+ Qxa4 6. Nxa4 Bd7 7. Nc3 e6 8. Be3 Na6 9. Ne4 Nf6 10. Nd6+ Bxd6 11. cxd6 Nd5 12. Bd4 f6 13. e4 Ndb4 14. 0-0-0 Nxa2+ 15. Kb1 N2b4 16. e5 fxe5 17. Bxe5 0-0 18. f4 b5 19. h4 Nc5 20. Bc3 Nbd3 21. Bxd3 Nxd3 22. Rd2 Rxf4 23. Nf3 Raf8 24. Ne5 Nxe5 25. Bxe5 Rf1+ 26. Rxf1 Rxf1+ 27. Kc2 Rf5 28. Bd4 a6 29. b4 Rd5 30. Kc3 Rxd6 31. Ra2 Bc8 32. Rf2 Rd5 33. g4 e5 34. Bc5 Rd3+ 35. Kc2 Rd8 36. g5 Bg4 37. Rf1 e4 38. Rf4 Bf3 39. h5 Bxh5 0-1

[Event "Natal op"]
[Site "Natal"]
[Date "2013.09.08"]
[Round "6"]
[White "Pinheiro, Emanuel Eliez Jr"]
[Black "Xavier, Lucca Lucas"]
[Result "1-0"]
[WhiteElo "1901"]
[BlackElo "2001"]
[PlyCount "109"]
[EventDate "2013.09.06"]
[EventType "swiss"]
[EventRounds "6"]
[EventCountry "BRA"]
[SourceTitle "EXT 2016"]
[Source "ChessBase"]
[SourceDate "2015.10.08"]
[SourceVersion "1"]
[SourceVersionDate "2015.10.08"]
[SourceQuality "1"]

1. c4 e5 2. Nc3 Nc6 3. Nf3 Nf6 4. g3 Bc5 5. Bg2 0-0 6. 0-0 d6 7. d3 h6 8. a3 Bg4 9. Na4 Bd4 10. e3 Bb6 11. Nxb6 axb6 12. Qc2 Qd7 13. Re1 Qf5 14. Nd2 Nb4 15. axb4 Rxa1 16. Bxb7 Qh5 17. Nb3 Ra7 18. Bg2 Bf3 19. Bd2 c5 20. d4 e4 21. bxc5 bxc5 22. Bf1 Rfa8 23. Bc3 Qf5 24. h3 Nd7 25. Kh2 Qe6 26. d5 Qe8 27. Nc1 Ne5 28. b4 Rc7 29. bxc5 Rxc5 30. Bb4 Ra4 31. Bxc5 dxc5 32. Nb3 Nd7 33. Nd2 Ne5 34. Rb1 Qa8 35. Nxe4 Ra2 36. Rb2 Rxb2 37. Qxb2 Nxc4 38. Bxc4 Bxe4 39. Qe5 f5 40. g4 Qb7 41. gxf5 Qb1 42. Qe8+ Kh7 43. Qg6+ Kh8 44. Qg1 Qc2 45. f6 gxf6 46. Qf1 Qd2 47. Qe2 Qc1 48. f3 Bxf3 49. Qxf3 Qxc4 50. Qxf6+ Kh7 51. Qe6 Qh4 52. Qf5+ Kh8 53. d6 c4 54. Qf8+ Kh7 55. Qe7+ 1-0

[Event "Natal op"]
[Site "Natal"]
[Date "2013.09.06"]
[Round "2"]
[White "Cunha, Eduardo Arruda da G"]
[Black "Pinheiro, Emanuel Eliez Jr"]
[Result "1-0"]
[WhiteElo "2213"]
[BlackElo "1901"]
[PlyCount "23"]
[EventDate "2013.09.06"]
[EventType "swiss"]
[EventRounds "6"]
[EventCountry "BRA"]
[SourceTitle "EXT 2016"]
[Source "ChessBase"]
[SourceDate "2015.10.08"]
[SourceVersion "1"]
[SourceVersionDate "2015.10.08"]
[SourceQuality "1"]

1. e4 c5 2. Nf3 d6 3. d4 cxd4 4. Nxd4 a6 5. Nc3 g6 6. Be3 Bg7 7. Bc4 Qc7 8. Bb3 Nc6 9. Nd5 Qa5+ 10. c3 Nf6 11. Nxc6 bxc6 12. Bb6 1-0

[Event "Natal Potiguar op"]
[Site "Natal"]
[Date "2012.06.08"]
[Round "4"]
[White "Oiveira, Renato de Araujo"]
[Black "Pinheiro, Emanuel Eliez Jr"]
[Result "1-0"]
[WhiteElo "2089"]
[BlackElo "1913"]
[PlyCount "62"]
[EventDate "2012.06.07"]
[EventType "swiss"]
[EventRounds "7"]
[EventCountry "BRA"]
[SourceTitle "CBM 148 Extra"]
[Source "ChessBase"]
[SourceDate "2012.06.22"]
[SourceVersion "1"]
[SourceVersionDate "2012.06.22"]
[SourceQuality "1"]

1. e4 d6 2. d4 Nf6 3. Nc3 g6 4. Bc4 Nc6 5. Nge2 Bg7 6. f3 a6 7. a4 Bd7 8. Be3 0-0 9. Qd2 Nb4 10. 0-0 b6 11. Rfd1 c5 12. e5 Ne8 13. dxc5 Bxe5 14. cxb6 Bf5 15. Bb3 a5 16. Nd4 Bd7 17. Ncb5 Rb8 18. c3 Na6 19. Nc2 Rxb6 20. Bxb6 Qxb6+ 21. Qe3 Nc5 22. Bc4 Qb7 23. Ncd4 Nc7 24. Nxc7 Qxc7 25. Bb5 Qb7 26. b4 axb4 27. cxb4 Bxb5 28. axb5 Nd7 29. Ra5 Bf6 30. Nc6 Nb6 31. Ra7 Qc8 1-0

[Event "Natal op-A 9th"]
[Site "Natal"]
[Date "2012.02.19"]
[Round "4"]
[White "Pinheiro, Emanuel Eliez Jr"]
[Black "Quaranta Neto, Francisco"]
[Result "0-1"]
[WhiteElo "1931"]
[BlackElo "1967"]
[PlyCount "106"]
[EventDate "2012.02.17"]
[EventType "swiss"]
[EventRounds "7"]
[EventCountry "BRA"]
[SourceTitle "CBM 147 Extra"]
[Source "ChessBase"]
[SourceDate "2012.04.24"]
[SourceVersion "1"]
[SourceVersionDate "2012.04.24"]
[SourceQuality "1"]

1. d4 d5 2. c4 c6 3. cxd5 cxd5 4. Nc3 Nc6 5. Nf3 e6 6. Bf4 Nf6 7. e3 Bb4 8. Bd3 Nh5 9. Bg5 Qa5 10. Qc2 h6 11. Bh4 Bd7 12. 0-0 Rc8 13. Rac1 f5 14. Ne2 0-0 15. Qb3 Nxd4 16. Qd1 Nxf3+ 17. gxf3 g5 18. Bg3 Nxg3 19. hxg3 Qxa2 20. Ra1 Qxb2 21. Rb1 Qd2 22. Qxd2 Bxd2 23. Rxb7 Rf7 24. Rxa7 Bb5 25. Ra2 Bxd3 26. Rxd2 Bxe2 27. Rxe2 Rfc7 28. Rb1 Kf7 29. Reb2 Rc2 30. Rxc2 Rxc2 31. Rb7+ Kf6 32. Rh7 Kg6 33. Re7 Rc6 34. Re8 Rd6 35. Rg8+ Kf7 36. Rh8 e5 37. Rh7+ Kg6 38. Re7 d4 39. exd4 exd4 40. Kf1 d3 41. Ke1 d2+ 42. Kd1 h5 43. Re8 h4 44. Rh8 hxg3 45. fxg3 Rd3 46. g4 f4 47. Rh3 Kf6 48. Rh6+ Kg7 49. Rh3 Kg6 50. Rh2 Rxf3 51. Rxd2 Rg3 52. Rd6+ Kf7 53. Ke2 Rxg4 0-1

[Event "Natal op-A 9th"]
[Site "Natal"]
[Date "2012.02.18"]
[Round "3"]
[White "Macedo, Maximo Valerio"]
[Black "Pinheiro, Emanuel Eliez Jr"]
[Result "1-0"]
[WhiteElo "2070"]
[BlackElo "1931"]
[PlyCount "129"]
[EventDate "2012.02.17"]
[EventType "swiss"]
[EventRounds "7"]
[EventCountry "BRA"]
[SourceTitle "CBM 147 Extra"]
[Source "ChessBase"]
[SourceDate "2012.04.24"]
[SourceVersion "1"]
[SourceVersionDate "2012.04.24"]
[SourceQuality "1"]

1. e4 d6 2. d4 Nf6 3. Nc3 g6 4. f4 Bg7 5. Nf3 0-0 6. Be3 Nc6 7. Qd2 Ng4 8. Bg1 e5 9. d5 Nb8 10. h3 Nf6 11. fxe5 dxe5 12. g4 Nbd7 13. 0-0-0 Qe7 14. Bh2 Re8 15. Bg3 a6 16. Bh4 Nc5 17. Re1 b5 18. Bd3 Qd6 19. Rhf1 Bb7 20. Kb1 c6 21. Ng5 b4 22. Nd1 Nxd3 23. dxc6 Bxc6 24. cxd3 Bb5 25. Nf2 Rad8 26. Re3 h6 27. Nf3 g5 28. Bg3 Nd7 29. h4 f6 30. Rd1 Qe7 31. d4 exd4 32. Nxd4 Nb6 33. Nf5 Qf8 34. Bd6 Qf7 35. Qxb4 Nc4 36. Rc3 Qe6 37. b3 Nxd6 38. Rxd6 Bf8 39. Rxe6 Bxb4 40. Rxe8+ Rxe8 41. Rc7 Bf8 42. h5 Rd8 43. Kc2 Rd7 44. Rc8 Kf7 45. a4 Be2 46. Ng3 Bf3 47. Rc3 Bg2 48. Nf5 Bb4 49. Nxh6+ Ke6 50. Rc6+ Ke5 51. Nd3+ Rxd3 52. Kxd3 Bxe4+ 53. Kc4 Bxc6 54. Kxb4 Bd5 55. Kc3 Bc6 56. Kc4 Bd5+ 57. Kc3 Bc6 58. Kd3 Kf4 59. Kd4 Bd7 60. Kd5 f5 61. gxf5 Bxf5 62. Nxf5 Kxf5 63. b4 g4 64. h6 g3 65. h7 1-0

[Event "Natal op-A 9th"]
[Site "Natal"]
[Date "2012.02.18"]
[Round "2"]
[White "Pinheiro, Emanuel Eliez Jr"]
[Black "Pinto, Carlos Henrique Lop"]
[Result "0-1"]
[WhiteElo "1931"]
[BlackElo "2124"]
[PlyCount "96"]
[EventDate "2012.02.17"]
[EventType "swiss"]
[EventRounds "7"]
[EventCountry "BRA"]
[SourceTitle "CBM 147 Extra"]
[Source "ChessBase"]
[SourceDate "2012.04.24"]
[SourceVersion "1"]
[SourceVersionDate "2012.04.24"]
[SourceQuality "1"]

1. c4 e5 2. Nc3 d6 3. g3 Nf6 4. Bg2 Be7 5. d3 0-0 6. Nf3 Nbd7 7. 0-0 Re8 8. Re1 Bf8 9. Nd2 c6 10. b4 Qb6 11. Rb1 Ng4 12. e3 f5 13. h3 Ngf6 14. b5 c5 15. a4 Qd8 16. Nb3 g6 17. a5 Rb8 18. Bd2 Bg7 19. Qf3 Nf8 20. Qd1 Be6 21. e4 fxe4 22. Nxe4 Nxe4 23. Bxe4 Bxh3 24. g4 Qh4 25. Bg2 Bxg2 26. Kxg2 Ne6 27. Rh1 Qf6 28. Qf3 Qxf3+ 29. Kxf3 Rf8+ 30. Kg2 Rf7 31. f3 Rbf8 32. Rh3 Bf6 33. Rf1 Bg5 34. Bxg5 Nxg5 35. Rg3 e4 36. dxe4 Nxe4 37. Rh3 Ng5 38. Rg3 Rf4 39. Nd2 Re8 40. Rf2 Re1 41. Rf1 Re3 42. Kf2 Rd3 43. Ke2 Rfd4 44. Rd1 Ne6 45. Rgg1 Nf4+ 46. Ke1 Re3+ 47. Kf2 Re2+ 48. Kg3 g5 0-1

[Event "Paraiban-ch op"]
[Site "Joao Pessoa"]
[Date "2011.08.06"]
[Round "4"]
[White "Pinheiro, Emanuel Eliez Jr"]
[Black "Macedo, Maximo Valerio"]
[Result "1-0"]
[WhiteElo "1919"]
[BlackElo "2072"]
[PlyCount "71"]
[EventDate "2011.08.05"]
[EventType "swiss"]
[EventRounds "6"]
[EventCountry "BRA"]
[SourceTitle "EXT 2014"]
[Source "ChessBase"]
[SourceDate "2013.11.20"]
[SourceVersion "1"]
[SourceVersionDate "2013.11.20"]
[SourceQuality "1"]

1. Nf3 Nf6 2. c4 g6 3. Nc3 Bg7 4. d3 d6 5. g3 0-0 6. Bg2 c6 7. 0-0 Na6 8. Rb1 Nd7 9. Bd2 Nc7 10. Qc1 Re8 11. Bh6 Bh8 12. Nd2 Ne5 13. h3 f5 14. Be3 Nf7 15. f4 e5 16. fxe5 dxe5 17. Nf3 Ne6 18. Nh4 Bg7 19. Nxf5 gxf5 20. Rxf5 Nd4 21. Rf2 Nf5 22. Kh2 Nxe3 23. Qxe3 Be6 24. Rbf1 Qg5 25. Qc5 Bf8 26. Qa5 Qd8 27. Qa4 Bg7 28. Ne4 Nd6 29. Nf6+ Bxf6 30. Rxf6 Qe7 31. c5 Nb5 32. Qh4 Qg7 33. Be4 Bd5 34. Bxh7+ Qxh7 35. Qg5+ Kh8 36. Rh6 1-0

[Event "Natal op-A 8th"]
[Site "Natal"]
[Date "2011.03.04"]
[Round "1"]
[White "Santiago, Yago de Moura"]
[Black "Pinheiro, Emanuel Eliez Jr"]
[Result "1-0"]
[WhiteElo "2241"]
[BlackElo "1955"]
[PlyCount "99"]
[EventDate "2011.03.04"]
[EventType "swiss"]
[EventRounds "7"]
[EventCountry "BRA"]
[SourceTitle "CBM 141 Extra"]
[Source "ChessBase"]
[SourceDate "2011.05.03"]
[SourceVersion "1"]
[SourceVersionDate "2011.05.03"]
[SourceQuality "1"]

1. Nf3 Nc6 2. c4 e6 3. Nc3 Bb4 4. d4 Nge7 5. e4 d5 6. cxd5 exd5 7. e5 h6 8. a3 Ba5 9. b4 Bb6 10. Na4 Bg4 11. Nxb6 axb6 12. Bb2 Nf5 13. Be2 0-0 14. 0-0 Nce7 15. h3 Bxf3 16. Bxf3 c6 17. Qd3 b5 18. Rae1 Qc8 19. Bd1 Qe6 20. g4 Nh4 21. f4 f5 22. exf6 Qxf6 23. Bc2 Rae8 24. Qg3 Neg6 25. f5 Ne7 26. Re6 Nexf5 27. Rxf6 Nxg3 28. Rxf8+ Rxf8 29. Bh7+ Kxh7 30. Rxf8 Ng6 31. Rb8 Nf4 32. Rxb7 Nd3 33. Ba1 Ne2+ 34. Kf1 Ng3+ 35. Kg2 Ne4 36. Rb6 Ne1+ 37. Kf1 Nc2 38. Bb2 Nd2+ 39. Ke2 Nc4 40. Rxc6 N2xa3 41. Bxa3 Nxa3 42. Rc5 Kg8 43. Rxd5 Nc2 44. Kd2 Nxb4 45. Rxb5 Nc6 46. d5 Ne5 47. Kc3 Kf8 48. Rb7 g6 49. d6 Nf7 50. Rb8+ 1-0

[Event "Natal Potiguar-ch op"]
[Site "Natal"]
[Date "2010.09.25"]
[Round "7"]
[White "Azevedo, Alcides Alexandre"]
[Black "Pinheiro, Emanuel Eliez Jr"]
[Result "1/2-1/2"]
[WhiteElo "2048"]
[BlackElo "1962"]
[PlyCount "48"]
[EventDate "2010.09.17"]
[EventType "swiss"]
[EventRounds "9"]
[EventCountry "BRA"]
[SourceTitle "EXT 2014"]
[Source "ChessBase"]
[SourceDate "2013.11.20"]
[SourceVersion "1"]
[SourceVersionDate "2013.11.20"]
[SourceQuality "1"]

1. e4 c5 2. Nf3 Nc6 3. d4 cxd4 4. Nxd4 g6 5. c4 Bg7 6. Be3 Qa5+ 7. Nc3 Nf6 8. f3 d6 9. Qd2 h5 10. Be2 a6 11. 0-0 Bd7 12. Rfd1 Rc8 13. Rac1 0-0 14. Nxc6 Bxc6 15. Nd5 Qd8 16. Bb6 Qd7 17. Bd4 Bxd5 18. cxd5 Rxc1 19. Rxc1 Rc8 20. b3 Kh7 21. Be3 Qd8 22. Qb4 Rxc1+ 23. Bxc1 Qc7 24. Be3 Nd7 1/2-1/2